A first course in Sobolev spaces
Αποθηκεύτηκε σε:
| Κύριος συγγραφέας: | |
|---|---|
| Μορφή: | Βιβλίο |
| Γλώσσα: | English |
| Δημοσίευση: |
Providence, R.I. :
American Mathematical Society,
c2009
|
| Σειρά: | Graduate studies in mathematics ;
; 105 |
| Θέματα: | |
| Ετικέτες: |
Προσθήκη ετικέτας
Δεν υπάρχουν, Καταχωρήστε ετικέτα πρώτοι!
|
MARC
| LEADER | 00000nam a2200000 i 4500 | ||
|---|---|---|---|
| 001 | 1/63881 | ||
| 008 | 150116s2009 eng d | ||
| 020 | |a 978-0-8218-4768-8 | ||
| 035 | |l 10120490 | ||
| 040 | |a GR-MY-UA |b gre |e aacr | ||
| 041 | 0 | |a eng | |
| 082 | 0 | |a 515.782 |2 (23) | |
| 100 | 1 | |a Leoni, Giovanni |d 1967- | |
| 245 | 1 | 2 | |a A first course in Sobolev spaces / |c Giovanni Leoni |
| 260 | |a Providence, R.I. : |b American Mathematical Society, |c c2009 | ||
| 300 | |a xvi, 607 σ.; |c 27 εκ. | ||
| 490 | 1 | |a Graduate studies in mathematics |v ; 105 | |
| 504 | |a Βιβλιογραφία: σ.593-601. Ευρετήριο | ||
| 650 | 0 | 0 | |a Sobolev spaces. |
| 830 | 0 | |a Graduate studies in mathematics ; |v ; 105 | |
| 852 | |a INST |b SAMOS |e 20150116 |h 515.782 LEO |p 005300041243 |q 005300041243 |t BK |y 0 | ||
| 901 | |a BIBL3-2015-1 | ||
| 909 | |a Σ |b 189157 | ||
| 922 | |a 3ΕΛΗ |b 201405 |c ΤΣΑΧΜ |d ΔΙΑΔΡΟΜΕΣ | ||
| 970 | |a ΚΟΣΙΕΡΗΣ |b ΧΡΗΣΤΟΣ |z 2015/01/16 | ||